|
|
|
|
| LEADER |
00848naa a2200181 i 4500 |
| 001 |
publ19180 |
| 005 |
20200720085027.0 |
| 008 |
200720s2020 hu o 0|| zxx d |
| 020 |
|
|
|a 978-963-306-736-9
|
| 024 |
7 |
|
|a 31381750
|2 mtmt
|
| 040 |
|
|
|a SZTE Publicatio Repozitórium
|b hun
|
| 041 |
|
|
|a zxx
|
| 100 |
1 |
|
|a Karsai Krisztina
|
| 245 |
1 |
0 |
|a Designer drogok - ugrás az ismeretlenbe
|h [elektronikus dokumentum] :
|b A jogi paradigmaváltás szükségessége és lehetőségei /
|c Karsai Krisztina
|
| 260 |
|
|
|a Szegedi Tudományegyetem, Állam- és Jogtudományi Kar, Bűnügyi Tudományok Intézete
|b Szeged
|c 2020
|
| 300 |
|
|
|a 6-12
|
| 490 |
0 |
|
|a Designer drogok – A jogi paradigmaváltás szükségessége és lehetőségei
|
| 856 |
4 |
0 |
|u http://publicatio.bibl.u-szeged.hu/19180/7/31381750_Designer%20drogok_Karsai%20K._FINAL_compressed-83.pdf
|z Dokumentum-elérés
|